| 000 | 00843nam a22002414a 4500 | ||
|---|---|---|---|
| 005 | 20080311083145.0 | ||
| 008 | 060705s2006 ne a | b 001 0 eng c | ||
| 010 | _aENG-91267 | ||
| 020 |
_a9788120336308 _c350.00 |
||
| 035 | _aEN-74800 | ||
| 037 | _bDBAD / PUB | ||
| 040 |
_adpl _bEnglish |
||
| 082 | _a621.3815372 | ||
| 100 | _aAnand Kumar, A. | ||
| 245 |
_aSwitching theory and logic design / _cby A. Anand Kumar |
||
| 260 |
_aNew Delhi _bPHI Learning _c2008 |
||
| 300 |
_axix, 95 p. : _bill. fig. _c25 cm (pbk) |
||
| 500 | _aIncludes index. | ||
| 650 | _aSwitching theory. | ||
| 650 | _aLogic design. | ||
| 942 |
_2ddc _cEN _h621.3815372 _mANA |
||
| 999 |
_c16574 _d16574 |
||